书目信息 |
| 题名: |
不锈钢表面处理技术
|
|
| 作者: | 陈天玉 编著 | |
| 分册: | ||
| 出版信息: | 北京 化学工业出版社 2016.04 |
|
| 页数: | 458页 | |
| 开本: | 24cm | |
| 丛书名: | ||
| 单 册: | ||
| 中图分类: | TG17 | |
| 科图分类: | ||
| 主题词: | 不锈钢--金属表面处理 | |
| 电子资源: | ||
| ISBN: | 978-7-122-25661-4 | |
| 000 | 00970nam0 2200253 450 | |
| 001 | 0120161798619 | |
| 005 | 20170327084017.51 | |
| 010 | @a978-7-122-25661-4@dCNY98.00 | |
| 100 | @a20160407d2016 em y0chiy50 ea | |
| 101 | 0 | @achi |
| 102 | @aCN@b110000 | |
| 105 | @aak z 000yy | |
| 106 | @ar | |
| 200 | 1 | @a不锈钢表面处理技术@9bu xiu gang biao mian chu li ji shu@f陈天玉编著 |
| 205 | @a2版 | |
| 210 | @a北京@c化学工业出版社@d2016.04 | |
| 215 | @a458页@c图@d24cm | |
| 330 | @a本书全面介绍了不锈钢处理的各种技术,包括除油、除氧化皮、抛光技术、电镀、化学镀技术、钝化技术以及化学着色、电化学着色技术、腐蚀刻蚀技术。第二版中还增加了钢铁材料上镀不锈钢镀层的技术。书中既有原理介绍,又有大量的实用配方和应用实例,还有许多最新的研究成果。 | |
| 333 | @a不锈钢制品的生产管理人员、产品开发技术人员 | |
| 606 | 0 | @a不锈钢@x金属表面处理 |
| 690 | @aTG17@v5 | |
| 701 | 0 | @a陈天玉@9chen tian yu@4编著 |
| 801 | 0 | @aCN@b人天书店@c20160407 |
| 905 | @b980571-73@dTG17@e59=2@f3 | |
| 不锈钢表面处理技术/陈天玉编著.-2版.-北京:化学工业出版社,2016.04 |
| 458页:图;24cm |
| 使用对象:不锈钢制品的生产管理人员、产品开发技术人员 |
| ISBN 978-7-122-25661-4:CNY98.00 |
| 本书全面介绍了不锈钢处理的各种技术,包括除油、除氧化皮、抛光技术、电镀、化学镀技术、钝化技术以及化学着色、电化学着色技术、腐蚀刻蚀技术。第二版中还增加了钢铁材料上镀不锈钢镀层的技术。书中既有原理介绍,又有大量的实用配方和应用实例,还有许多最新的研究成果。 |
| ● |
| 相关链接 |
|
|
|
|
正题名:不锈钢表面处理技术
索取号:TG17/59=2
 
预约/预借
| 序号 | 登录号 | 条形码 | 馆藏地/架位号 | 状态 | 备注 |
| 1 | 980571 | 209805718 | 第二样本阅览室/ [索取号:TG17/59=2] | 在馆 | |
| 2 | 980572 | 209805727 | 第三借阅区/ [索取号:TG17/59=2] | 在馆 | |
| 3 | 980573 | 209805736 | 密集书库-化学系/ [索取号:TG17/59=2] | 在馆 |